| 000 | 00555nam a22001817a 4500 | ||
|---|---|---|---|
| 005 | 20251128114516.0 | ||
| 008 | 251125b |||||||| |||| 00| 0 eng d | ||
| 020 | _a978-81-19613-47-2 | ||
| 041 | _aeng | ||
| 082 | _a615.5 UBA-T | ||
| 100 |
_aUBALE, MR. SUJIT. 2-AHIRE, MR PRIYANKA 3- PATIL, MS. SAVITA. 4-VERMA, MR. RAHUL _98818 |
||
| 245 | _aTEXT BOOK OF SOCIAL PHARMACY FOR D. PHARM [1ST YEAR] | ||
| 250 | _a1ST ED, 2024 | ||
| 260 |
_aNEW DELHI _bINNOVATIVE PHARMACY PVT. LTD _c2024 |
||
| 300 | _a89;P | ||
| 650 |
_aPHARMACY _xD-PHARMA |
||
| 942 | _cBK | ||
| 999 |
_c9000 _d8998 |
||